[Event "Oberfranken-ch Q 0607"]
[Site "Schney"]
[Date "2007.01.02"]
[Round "2"]
[White "Kachel, Stefan"]
[Black "Wenzel, Stephan"]
[Result "1-0"]
[WhiteElo "1353"]
[BlackElo "956"]
[PlyCount "51"]
[EventDate "2007.01.02"]
[EventType "swiss"]
[EventRounds "6"]
[EventCountry "GER"]
[SourceTitle "EXT 2015"]
[Source "ChessBase"]
[SourceDate "2014.11.20"]
[SourceVersion "1"]
[SourceVersionDate "2014.11.20"]
[SourceQuality "1"]

1. e4 c5 2. Nf3 d6 3. Bc4 e6 4. Nc3 g6 5. b3 Nf6 6. Bb2 Bg7 7. 0-0 Nxe4 8. Re1 Nf6 9. Ne4 Nbd7 10. Bb5 0-0 11. Nxd6 a6 12. Bd3 Nb6 13. Ne4 Nbd5 14. Nxc5 Qb6 15. Ne4 Bd7 16. Bd4 Qc7 17. c4 Nf4 18. Be5 Nxd3 19. Bxc7 Nxe4 20. Rxe4 Bxa1 21. Qxa1 Nc5 22. Rd4 Bc6 23. Bd6 Rfd8 24. Bxc5 b6 25. Bxb6 Rd7 26. Rxd7 1-0

[Event "Oberfranken-ch U18"]
[Site "Schney"]
[Date "2006.01.02"]
[Round "1.4"]
[White "Wenzel, Stephan"]
[Black "Potzel, Andreas"]
[Result "0-1"]
[WhiteElo "1068"]
[BlackElo "1596"]
[PlyCount "106"]
[EventDate "2006.01.02"]
[EventType "swiss"]
[EventRounds "7"]
[EventCountry "GER"]
[SourceTitle "EXT 2019"]
[Source "ChessBase"]
[SourceDate "2018.10.10"]
[SourceVersion "1"]
[SourceVersionDate "2018.10.10"]
[SourceQuality "1"]

1. Nf3 Nc6 2. g3 e5 3. d4 e4 4. Ng5 d5 5. Bg2 Be7 6. Nh3 Nf6 7. 0-0 0-0 8. Nc3 Nb4 9. Nf4 c6 10. a3 Na6 11. Na4 Nc7 12. b4 Re8 13. Nc5 b6 14. Nb3 Ba6 15. Re1 Bd6 16. e3 Ne6 17. Nh5 Nxh5 18. Qxh5 Qg5 19. Qxg5 Nxg5 20. c3 Nf3+ 21. Bxf3 exf3 22. Nd2 Be2 23. c4 dxc4 24. e4 f6 25. Bb2 Rad8 26. Rac1 b5 27. Rc3 Bd3 28. d5 cxd5 29. Nxf3 dxe4 30. Nd4 Be5 31. Nxb5 a6 32. Na7 Rd6 33. b5 Bxc3 34. Bxc3 axb5 35. Nxb5 Rb6 36. Nc7 Reb8 37. Bb4 Rxb4 38. axb4 Rxb4 39. Nd5 Rb1 40. Ne7+ Kf7 41. Rxb1 Bxb1 42. Nd5 Bd3 43. Nc3 Ke6 44. Kg2 Ke5 45. f3 e3 46. f4+ Kd4 47. Nb5+ Kc5 48. Nc7 c3 49. Kf3 e2 50. Ne6+ Kc4 51. Kf2 c2 52. Ke3 e1Q+ 53. Kf3 Qe2# 0-1

[Event "Oberfranken-ch U18 0405"]
[Site "Schney"]
[Date "2005.01.04"]
[Round "6"]
[White "Reissner, Andreas"]
[Black "Wenzel, Stephan"]
[Result "1-0"]
[WhiteElo "1837"]
[BlackElo "909"]
[PlyCount "27"]
[EventDate "2005.01.02"]
[EventType "swiss"]
[EventRounds "7"]
[EventCountry "GER"]
[SourceTitle "EXT 2007"]
[Source "ChessBase"]
[SourceDate "2006.11.23"]
[SourceVersion "1"]
[SourceVersionDate "2006.11.23"]
[SourceQuality "1"]

1. e4 e5 2. Bc4 Nf6 3. d3 Bc5 4. Bg5 0-0 5. Nc3 Nc6 6. Nf3 d6 7. Nd5 Bg4 8. Nxf6+ gxf6 9. Bh6 Re8 10. h3 Be6 11. Nd2 Nd4 12. c3 Nc6 13. Bxe6 fxe6 14. Qg4+ 1-0

[Event "Oberfranken-ch U18 0405"]
[Site "Schney"]
[Date "2005.01.03"]
[Round "4"]
[White "Wenzel, Stephan"]
[Black "Harpf, Matthias"]
[Result "1-0"]
[WhiteElo "909"]
[BlackElo "929"]
[PlyCount "59"]
[EventDate "2005.01.02"]
[EventType "swiss"]
[EventRounds "7"]
[EventCountry "GER"]
[SourceTitle "EXT 2007"]
[Source "ChessBase"]
[SourceDate "2006.11.23"]
[SourceVersion "1"]
[SourceVersionDate "2006.11.23"]
[SourceQuality "1"]

1. Nf3 d5 2. d4 Nc6 3. g3 Nf6 4. Bg2 Bg4 5. Nbd2 e6 6. 0-0 Qd6 7. c4 dxc4 8. Nxc4 Qd5 9. b3 Bxf3 10. Bxf3 Qxd4 11. Bd2 h5 12. e3 Qd3 13. Nb2 Qh7 14. Bc3 Ng4 15. Re1 Rd8 16. Qe2 h4 17. Qc4 Nge5 18. Qf4 Nxf3+ 19. Qxf3 hxg3 20. Qxg3 Bd6 21. f4 f6 22. Rad1 Bb4 23. Rxd8+ Kxd8 24. Rd1+ Ke7 25. Bxb4+ Nxb4 26. f5 e5 27. Nd3 Nxd3 28. Rxd3 Qxf5 29. Qxg7+ Ke6 30. Qd7# 1-0

[Event "Oberfranken-ch U16 0304"]
[Site "Schney"]
[Date "2004.01.03"]
[Round "4"]
[White "Lang, Johannes"]
[Black "Wenzel, Stephan"]
[Result "1-0"]
[WhiteElo "1121"]
[BlackElo "841"]
[PlyCount "53"]
[EventDate "2004.01.02"]
[EventType "swiss"]
[EventRounds "7"]
[EventCountry "GER"]
[SourceTitle "EXT 2005"]
[Source "ChessBase"]
[SourceDate "2004.11.15"]
[SourceVersion "1"]
[SourceVersionDate "2004.11.15"]
[SourceQuality "1"]

1. e4 e5 2. Bc4 Nf6 3. Nc3 Bc5 4. d3 d6 5. Nf3 Bg4 6. 0-0 0-0 7. Qe2 Nc6 8. Be3 Qd7 9. Nd5 Nh5 10. Rfe1 Qe6 11. Nxc7 Qg6 12. Nxa8 Bh3 13. g3 Rxa8 14. Ng5 Nd4 15. Bxd4 Bxd4 16. Bxf7+ Qxf7 17. Nxf7 Nf4 18. gxf4 exf4 19. c3 Bf6 20. Qh5 Be6 21. Nxd6 g6 22. Qe2 Rf8 23. f3 Bh3 24. e5 Bh4 25. e6 Be7 26. Nf7 Re8 27. Qe5 1-0

[Event "Oberfranken-ch U16 0304"]
[Site "Schney"]
[Date "2004.01.02"]
[Round "1"]
[White "Wenzel, Stephan"]
[Black "Schneider, Markus"]
[Result "0-1"]
[WhiteElo "841"]
[BlackElo "1362"]
[PlyCount "46"]
[EventDate "2004.01.02"]
[EventType "swiss"]
[EventRounds "7"]
[EventCountry "GER"]
[SourceTitle "EXT 2005"]
[Source "ChessBase"]
[SourceDate "2004.11.15"]
[SourceVersion "1"]
[SourceVersionDate "2004.11.15"]
[SourceQuality "1"]

1. e4 e6 2. d4 d5 3. e5 c5 4. Nf3 Nc6 5. Bb5 Bd7 6. Be3 Nge7 7. 0-0 Qc7 8. Qd3 a6 9. Ba4 b5 10. Bb3 c4 11. Bxc4 bxc4 12. Qc3 Nf5 13. Ng5 Bb4 14. Nxe6 Bxe6 15. Qe1 Bxe1 16. Rxe1 0-0 17. Bf4 Nfxd4 18. Nc3 Rad8 19. Re3 Nxc2 20. Rg3 Nxa1 21. Bh6 g6 22. Bg5 Qxe5 23. f4 Qe1# 0-1